[Event "Défi( 10J+24H/c 10J Max )"]
[Site "www.echecsemail.com"]
[Date "2026.01.27"]
[Round "1"]
[White "Poison"]
[Black "Minon"]
[WhiteElo "1070"]
[BlackElo "1930"]
[Result "0-1"]
1.e4 e5
2.Ng1f3 Nb8c6
3.Nb1c3 Bf8b4
4.a3 Bb4xc3
5.bxc3 Ng8f6
6.Bf1b5 d6
7.Bb5xc6 bxc6
8.Bc1b2 Bc8g4
9.d3 O-O
10.Bb2c1 h6
11.Bc1g5 hxg5
12.O-O d5
13.exd5 Nf6xd5
14.c4 Bg4xf3
15.cxd5 Bf3xd1
16.Rf1xd1 Qd8xd5
17.f3 f5
18.Rd1f1 Ra8b8
19.h3 Rb8b2
20.Ra1c1 Qd5c5
21.Kh1 Rb2xc2
22.Rc1xc2 Qc5xc2
23.Rf1g1 Qc2xd3
24.Rg1e1 Rf8e8
25.g3 Qd3xf3
26.Kg1 Qf3xg3
27.Kf1 Re8d8
28.Re1xe5 Qg3xe5
29.Kg1 Qe5e2
30.Kh1 Rd8d1
0-1

[Event "Memorial Lara CIII"]
[Site "www.echecsemail.com"]
[Date "2026.01.27"]
[Round "1"]
[White "Leredoutable"]
[Black "Orosco"]
[WhiteElo "1760"]
[BlackElo "2270"]
[Result "1-0"]
1.e4 e5
2.Ng1f3 Nb8c6
3.Nb1c3 Bf8b4
4.Bf1c4 Ng8f6
5.O-O O-O
6.d3 Bb4xc3
7.bxc3 d6
8.Bc1g5 h6
9.Bg5h4 g5
10.Bh4g3 Nc6a5
11.Bc4b3 Qd8e7
12.Rf1e1 c5
13.a4 Bc8e6
14.h4 g4
15.Nf3h2 h5
16.f4 c4
17.Bb3a2 cxd3
18.cxd3 Be6xa2
19.Ra1xa2 Nf6d7
20.d4 Ra8c8
21.fxe5 dxe5
22.Nh2f1 Rc8xc3
23.Bg3f2 Na5c6
24.d5 Nc6b4
25.Ra2d2 b6
26.Qd1e2 Qe7d6
27.Qe2b5 Rc3b3
28.Qb5c4 Rb3a3
29.Nf1g3 Nd7f6
30.Ng3f5 Qd6d7
31.Qc4xb4 Ra3xa4
32.Qb4b2 Ra4xe4
33.Nf5e3 Qd7b7
34.d6 Rf8d8
35.Ne3f5 Kh7
36.Re1e2 Re4xe2
37.Rd2xe2 Qb7d5
38.Qb2c2 e4
39.Qc2c7 Rd8e8
40.Nf5e3 Qd5e6
41.Qc7xa7 Kg6
42.Qa7xb6 Nf6d7
43.Qb6d4 f5
44.Bf2g3 Re8f8
45.Bg3f4 Rf8f7
46.Qd4h8 Rf7h7
47.Qh8d4 Rh7f7
48.Ne3c4 Qe6e8
49.g3 Qe8a8
50.Nc4e5 Nd7xe5
51.Qd4xe5 Qa8a7
52.Bf4e3 Qa7a6
53.Re2d2 Rf7f6
54.d7 { abandon }1-0

[Event "Coupe Niveau 3"]
[Site "www.echecsemail.com"]
[Date "2026.01.27"]
[Round "1"]
[White "Domenico"]
[Black "Elghribi"]
[WhiteElo "1810"]
[BlackElo "1920"]
[Result "1-0"]
1.e4 d6
2.Bf1c4 Ng8f6
3.d3 g6
4.Ng1f3 Bf8g7
5.O-O O-O
6.Nb1c3 e5
7.Bc1e3 h6
8.d4 exd4
9.Nf3xd4 Nb8d7
10.f4 Nd7c5
11.f5 Kh7
12.fxg6 fxg6
13.a3 Nc5xe4
14.Nc3xe4 Nf6xe4
15.Rf1xf8 Qd8xf8
16.Qd1e2 Ne4f6
17.Ra1f1 Qf8e7
18.Bc4d3 Nf6e4
19.Rf1f4 d5
20.Be3c1 c5
21.Nd4b3 c4
22.Bd3xe4 dxe4
23.Rf4xe4 Qe7d6
24.Bc1f4 Qd6b6
25.Bf4e3 Qb6d8
26.Re4xc4 Bg7xb2
27.Be3f4 Bc8f5
28.Rc4c7 Kh8
29.Bf4e5 { abandon }1-0

[Event "Tournoi n27356"]
[Site "www.echecsemail.com"]
[Date "2026.01.27"]
[Round "1"]
[White "Alain64"]
[Black "Kaspalex"]
[WhiteElo "2070"]
[BlackElo "2010"]
[Result "1-0"]
1.b3 e5
2.Bc1b2 Nb8c6
3.e3 d5
4.Bf1b5 Bf8d6
5.f4 f6
6.fxe5 fxe5
7.Ng1f3 Qd8e7
8.Nf3xe5 Bd6xe5
9.Bb5xc6 bxc6
10.Qd1h5 Qe7f7
11.Qh5xf7 Kxf7
12.Bb2xe5 Kg6
13.Be5xc7 Bc8f5
14.d3 Ng8f6
15.O-O Rh8e8
16.Bc7f4 h5
17.Nb1c3 Re8e6
18.Nc3e2 { abandon }1-0

[Event "Défi"]
[Site "www.echecsemail.com"]
[Date "2026.01.27"]
[Round "1"]
[White "Intrigue"]
[Black "Lancov"]
[WhiteElo "1750"]
[BlackElo "1940"]
[Result "0-1"]
1.f4 d6
2.Ng1f3 Ng8f6
3.b3 g6
4.Bc1b2 Bf8g7
5.Nb1c3 c6
6.e4 Bc8g4
7.Bf1e2 Nb8d7
8.O-O O-O
9.Nf3d4 Bg4xe2
10.Qd1xe2 c5
11.Nd4f3 a6
12.d4 b5
13.dxc5 Nd7xc5
14.Rf1e1 Qd8b6
15.Kh1 Ra8d8
16.Ra1b1 Qb6c6
17.Rb1d1 b4
18.Nc3d5 Rf8e8
19.Nd5xf6 exf6
20.Qe2c4 Re8xe4
21.Re1xe4 Qc6xe4
22.Qc4xe4 Nc5xe4
23.Kg1 Rd8c8
24.Nf3e1 f5
25.Bb2xg7 Kxg7
26.g3 Kf6
27.Rd1c1 d5
28.Kg2 d4
29.Ne1d3 Ne4c3
30.Rc1a1 a5
31.a3 Rc8e8
32.axb4 Re8e2
33.Kh3 axb4
34.Nd3xb4 h6
35.Ra1a6 Kg7
36.Ra6d6 g5
37.fxg5 hxg5
38.Rd6xd4 g4
39.Kh4 f6
{ abandon }0-1

[Event "Transval 3"]
[Site "www.echecsemail.com"]
[Date "2026.01.27"]
[Round "1"]
[White "Patau"]
[Black "4x4"]
[WhiteElo "1720"]
[BlackElo "1450"]
[Result "1-0"]
1.e4 e5
2.Ng1f3 d6
3.d4 Bc8g4
4.dxe5 Bg4xf3
5.Qd1xf3 dxe5
6.Bf1c4 f6
7.Qf3b3 Qd8e7
8.Qb3xb7 Qe7d7
9.Qb7xa8 Qd7d8
10.O-O Ng8e7
11.Nb1c3 Ne7c6
12.Rf1d1 Qd8c8
13.Bc1e3 Bf8d6
14.Bc4b5 O-O
15.Bb5xc6 Nb8xc6
16.Qa8xc6 Rf8d8
17.Nc3d5 h6
18.Rd1d2 g5
19.Nd5xf6 Kf7
20.Nf6d5 Kg6
21.Nd5e7 Kf7
22.Ne7xc8 Rd8xc8
23.Qc6d7 Bd6e7
24.Qd7xc8 Be7d6
25.Rd2xd6 cxd6
26.Qc8d7 Kf6
27.Qd7xd6 Kf7
28.Qd6xh6 a5
29.Be3xg5 Ke8
30.Qh6h7 Kf8
31.Ra1d1 Ke8
32.Qh7e7 1-0

[Event "Eq:Avalon-O fou d hello :"]
[Site "www.echecsemail.com"]
[Date "2026.01.27"]
[Round "1"]
[White "Pourquoipas"]
[Black "Yab414"]
[WhiteElo "1640"]
[BlackElo "1600"]
[Result "0-1"]
1.f4 f5
2.Ng1f3 Nb8c6
3.e3 e6
4.Bf1b5 d6
5.Bb5xc6 bxc6
6.O-O Bf8e7
7.b3 Ng8f6
8.Bc1b2 O-O
9.Nf3g5 Nf6d5
10.Qd1f3 Be7xg5
11.fxg5 Qd8xg5
12.e4 Nd5b4
13.Qf3c3 c5
14.Rf1f3 Bc8b7
15.d3 fxe4
16.Rf3g3 Qg5f6
17.Nb1d2 Qf6f2
18.Kh1 e5
19.Ra1f1 Nb4xa2
20.Qc3a5 Qf2xf1
{ abandon }0-1

[Event "Tournoi n27247"]
[Site "www.echecsemail.com"]
[Date "2026.01.27"]
[Round "1"]
[White "Desaintfegor"]
[Black "Quasar999"]
[WhiteElo "1820"]
[BlackElo "2000"]
[Result "1-0"]
1.d4 Ng8f6
2.c4 d6
3.Nb1c3 g6
4.e4 Bf8g7
5.Ng1f3 O-O
6.Bf1d3 Nb8d7
7.O-O c6
8.Rf1e1 Qd8c7
9.d5 Rf8e8
10.Qd1c2 Nd7c5
11.Bd3e2 e6
12.Bc1e3 Nc5d7
13.dxc6 bxc6
14.Ra1d1 Nf6g4
15.Be3f4 e5
16.Bf4c1 Nd7f8
17.h3 Ng4h6
18.Bc1e3 f5
19.b4 f4
20.Be3c1 Qc7e7
21.a3 g5
22.Nf3h2 Bc8e6
23.Be2f1 Ra8d8
24.Bf1e2 Qe7d7
25.c5 Qd7f7
26.Rd1xd6 Rd8xd6
27.cxd6 Nf8d7
28.Nc3a4 Re8c8
29.Na4c5 Nd7f6
30.Nc5xe6 Qf7xe6
31.Be2c4 Nf6d5
32.Qc2b3 Qe6g6
33.exd5 g4
34.dxc6 Nh6f7
35.d7 { abandon }1-0

[Event "1801"]
[Site "www.echecsemail.com"]
[Date "2026.01.27"]
[Round "1"]
[White "Qsdmlk"]
[Black "Turbo"]
[WhiteElo "1550"]
[BlackElo "1350"]
[Result "0-1"]
1.d4 d5
2.Ng1f3 h6
3.Bc1f4 Ng8f6
4.e3 Nf6h5
5.Bf4e5 Nb8c6
6.Bf1b5 a6
7.Bb5a4 b5
8.Ba4b3 Nh5f6
9.O-O Bc8b7
10.Nb1d2 Nc6xe5
11.Nf3xe5 Nf6d7
12.Qd1h5 g6
13.Qh5f3 Nd7xe5
14.dxe5 c6
15.Ra1d1 e6
16.e4 Qd8c7
17.Qf3f6 Rh8g8
18.exd5 cxd5
19.Rf1e1 Qc7c6
20.Re1e3 d4
21.Re3e4 Bf8e7
22.Qf6f4 f5
23.Re4xd4 Qc6xg2
0-1

[Event "Défi( 10J+24H/c 10J Max )"]
[Site "www.echecsemail.com"]
[Date "2026.01.27"]
[Round "1"]
[White "Pierre1"]
[Black "Pourquoipas"]
[WhiteElo "1780"]
[BlackElo "1640"]
[Result "0-1"]
1.d4 f5
2.Bc1f4 Ng8f6
3.c3 e6
4.e3 b6
5.Ng1f3 Bc8b7
6.Nb1d2 Bf8e7
7.Bf1d3 O-O
8.Qd1e2 d6
9.h4 Qd8e8
10.Nf3g5 Qe8g6
11.h5 Nf6xh5
12.Rh1xh5 Nb8d7
13.Bd3c4 Bb7d5
14.O-O-O Nd7f6
15.f3 Nf6xh5
16.e4 Nh5xf4
17.Qe2f2 Be7xg5
18.exd5 exd5
19.Bc4b5 c5
20.g3 Nf4e6
21.Bb5c6 Ra8c8
22.Bc6xd5 Kh8
23.Rd1h1 cxd4
24.f4 Bg5h6
25.Rh1e1 b5
26.Bd5xe6 Rc8e8
27.Qf2e2 Rf8f6
28.Qe2xb5 Rf6xe6
29.Nd2c4 Re6xe1
30.Kc2 Qg6xg3
31.Nc4xd6 Re8f8
32.Qb5c4 d3
33.Qc4xd3 Qg3xd3
{ abandon }0-1

[Event "Coupe Niveau 4"]
[Site "www.echecsemail.com"]
[Date "2026.01.27"]
[Round "1"]
[White "Luc20"]
[Black "Verson"]
[WhiteElo "1840"]
[BlackElo "1800"]
[Result "0-1"]
1.d4 d5
2.Bc1f4 Ng8f6
3.Ng1f3 e6
4.e3 Bf8d6
5.Nf3e5 O-O
6.c4 c5
7.Nb1c3 Nb8c6
8.Nc3b5 cxd4
9.Nb5xd6 Qd8xd6
10.exd4 Qd6b4
11.Bf4d2 Qb4xb2
12.Ne5xc6 bxc6
13.Bd2e3 dxc4
14.Bf1xc4 Qb2b4
15.Qd1d2 Qb4xc4
16.Ra1c1 Qc4d5
17.O-O h6
18.Be3f4 Bc8a6
19.Rf1d1 Ba6b5
20.Rc1c5 Qd5d7
21.f3 Rf8d8
22.Bf4e5 Nf6d5
23.Qd2b2 a6
24.Qb2b3 f6
25.Be5g3 Nd5b6
26.Qb3e3 Nb6c4
27.Qe3c1 Kf7
28.Rc5xc4 Bb5xc4
29.Qc1xc4 Qd7d5
30.Qc4b3 Qd5xb3
31.axb3 Ke7
32.Kf2 c5
33.Ke2 Rd8xd4
34.Bg3f2 Rd4xd1
35.Bf2xc5 Kf7
36.Kxd1 g6
37.Kd2 Ra8c8
38.Bc5a3 e5
39.Ba3b2 Ke6
40.Kd3 f5
41.Kd2 Kd5
42.Kd3 e4
43.fxe4 fxe4
44.Ke3 Rc8c2
45.Bb2g7 Rc2xg2
46.Bg7xh6 Rg2xh2
47.Bh6g5 Rh2h3
48.Ke2 Rh3xb3
{ abandon }0-1

[Event "Michael Tal 30"]
[Site "www.echecsemail.com"]
[Date "2026.01.27"]
[Round "1"]
[White "Alain64"]
[Black "Orosco"]
[WhiteElo "2080"]
[BlackElo "2220"]
[Result "1-0"]
1.f4 e5
2.fxe5 d6
3.exd6 Bf8xd6
4.Ng1f3 g5
5.d4 g4
6.Nf3g5 Nb8c6
7.c3 Qd8e7
8.Qd1d3 h6
9.Ng5e4 f5
10.Ne4xd6 Qe7xd6
11.g3 Ng8e7
12.Bf1g2 Bc8d7
13.Bc1f4 Qd6g6
14.Nb1d2 O-O-O
15.O-O-O h5
16.e4 h4
17.exf5 Bd7xf5
18.Bg2e4 hxg3
19.Bf4xg3 Qg6g5
20.Rh1f1 Bf5xe4
21.Qd3xe4 Kb8
22.Rf1f4 Qg5d5
23.Qe4xd5 Ne7xd5
24.Rf4f7 Rd8c8
25.Rd1e1 Nc6d8
26.Rf7g7 Nd5f6
27.Rg7g6 Rh8f8
28.Bg3e5 Nf6d7
29.Rg6xg4 Nd7xe5
30.Re1xe5 a6
31.Rg4g1 Nd8c6
32.Re5e2 Rf8h8
33.Rg1h1 Nc6e7
34.Re2xe7 { abandon }1-0

[Event "Michael Tal 30"]
[Site "www.echecsemail.com"]
[Date "2026.01.27"]
[Round "1"]
[White "Orosco"]
[Black "Emmanuel"]
[WhiteElo "2220"]
[BlackElo "1950"]
[Result "1-0"]
1.e4 d5
2.exd5 Ng8f6
3.c4 e6
4.dxe6 Bc8xe6
5.Ng1f3 Qd8e7
6.Qd1e2 Nb8c6
7.d4 Be6f5
8.a3 Nc6a5
9.Nb1d2 O-O-O
10.Qe2xe7 Bf8xe7
11.b4 Na5c6
12.d5 Nc6b8
13.Nf3d4 Bf5g6
14.g3 Be7d6
15.Bf1h3 Nb8d7
16.f4 Rd8e8
17.Kf2 Nf6e4
18.Nd2xe4 Re8xe4
19.Bc1b2 Rh8g8
20.c5 Kd8
21.cxd6 cxd6
22.Nd4b5 Ke7
23.Rh1c1 f5
24.Rc1c7 a6
25.Nb5d4 Rg8f8
26.Nd4e6 Re4xe6
27.dxe6 Kxe6
28.Ra1e1 Nd7e5
29.fxe5 { abandon }1-0

[Event "Défi"]
[Site "www.echecsemail.com"]
[Date "2026.01.27"]
[Round "1"]
[White "Jojo91"]
[Black "Jlr"]
[WhiteElo "1420"]
[BlackElo "1340"]
[Result "1-0"]
1.d4 d5
2.e3 Bc8f5
3.Bf1b5 c6
4.Bb5a4 b5
5.Ba4b3 Qd8a5
6.Bc1d2 b4
7.a3 e6
8.Ng1f3 Ng8f6
9.O-O Nf6e4
10.a4 c5
11.c4 dxc4
12.Bb3xc4 Bf8d6
13.Nf3h4 Ne4xd2
14.Nb1xd2 Qa5c7
15.Bc4b5 Ke7
16.Qd1f3 Bd6xh2
17.Kh1 Nb8d7
18.e4 Bf5g6
19.Ra1c1 f6
20.Bb5xd7 Kxd7
21.Rc1xc5 Qc7d6
22.Nd2c4 Qd6b8
23.e5 Bh2xe5
24.dxe5 f5
25.Qf3d3 Ke7
26.Nc4d6 Qb8b6
27.Rc5b5 Qb6c6
28.Rb5b7 Kf8
29.b3 Bg6h5
30.Qd3d2 g5
31.Qd2xg5 Bh5f7
32.Qg5f6 Rh8g8
33.Qf6xf7 1-0

[Event "Coupe Niveau 2"]
[Site "www.echecsemail.com"]
[Date "2026.01.27"]
[Round "1"]
[White "Woluwe1975"]
[Black "Intrigue"]
[WhiteElo "1640"]
[BlackElo "1760"]
[Result "1/2-1/2"]
1.d4 Ng8f6
2.Ng1f3 d5
3.e3 e6
4.Bf1d3 c5
5.c3 Nb8c6
6.Nb1d2 Bf8e7
7.O-O O-O
8.Rf1e1 cxd4
9.exd4 Be7d6
10.Nf3e5 Rf8e8
11.f4 Bd6xe5
12.fxe5 Nf6d7
13.Nd2f3 f6
14.Bc1f4 fxe5
15.Nf3xe5 Nd7xe5
16.dxe5 Bc8d7
17.Re1f1 Re8f8
18.Bd3xh7 Kxh7
19.Qd1h5 Kg8
20.Qh5g6 Qd8e8
21.Qg6g3 Rf8f5
22.h4 Qe8h5
23.Ra1e1 Ra8f8
24.Bf4d2 Rf5xf1
25.Re1xf1 Nc6xe5
26.Rf1xf8 Kxf8
27.Bd2g5 Ne5f7
28.Bg5e3 b6
29.Qg3b8 Bd7e8
30.Qb8xa7 Qh5xh4
31.Qa7xb6 Qh4e4
32.Qb6c5 Kg8
33.b4 Qe4b1
34.Kh2 Qb1xa2
35.Qc5e7 Be8b5
36.Qe7xe6 Qa2c4
37.Be3d4 Qc4c7
38.Kg1 Qc7d6
39.Qe6g4 Qd6h6
40.Qg4c8 Kh7
41.Qc8b7 Bb5e8
42.Qb7xd5 Qh6g5
43.Qd5e4 Qg5g6
44.Qe4xe8 Qg6b1
45.Kh2 Qb1f5
46.Qe8f8 Qf5h5
47.Kg1 Qh5d1
48.Kh2 { nul }1/2-1/2

[Event "Transval 3"]
[Site "www.echecsemail.com"]
[Date "2026.01.27"]
[Round "1"]
[White "Sam"]
[Black "Petitlulu64"]
[WhiteElo "1670"]
[BlackElo "1690"]
[Result "0-1"]
1.f4 c5
2.Ng1f3 Ng8f6
3.e3 d6
4.d4 Bc8g4
5.Bf1b5 Nb8d7
6.O-O Nf6e4
7.Nb1d2 Ne4xd2
8.Bc1xd2 a6
9.Bb5xd7 Qd8xd7
10.Qd1e2 cxd4
11.exd4 e6
12.Bd2c3 d5
13.h3 Bg4h5
14.g4 Bh5g6
15.Nf3e5 Qd7e7
16.Ne5xg6 hxg6
17.Ra1e1 Rh8xh3
18.Qe2g2 Qe7h4
19.Rf1f3 Rh3xf3
20.Qg2xf3 Bf8e7
21.Re1e2 Qh4f6
22.Re2h2 Kd7
23.Rh2h3 Be7d6
24.Bc3d2 Qf6xd4
25.Kg2 Qd4xd2
26.Kg3 Qd2xc2
27.Rh3h7 Qc2xb2
28.a4 Ra8c8
{ abandon }0-1

[Event "Eq:Royal Kids-au plaisir du jeux  :"]
[Site "www.echecsemail.com"]
[Date "2026.01.27"]
[Round "1"]
[White "Nbelnico"]
[Black "Lancien57"]
[WhiteElo "1690"]
[BlackElo "1420"]
[Result "0-1"]
1.e4 e5
2.Ng1f3 d6
3.h3 Bf8e7
4.Bf1c4 h6
5.O-O Ng8f6
6.d3 Bc8d7
7.Nb1c3 Nb8c6
8.d4 exd4
9.Nf3xd4 O-O
10.Nd4f3 a6
11.Bc4d3 Rf8e8
12.Qd1e2 Nc6a5
13.Bc1d2 Re8f8
14.Nc3d5 Nf6xd5
15.Bd2xa5 Nd5f4
16.Qe2e3 Nf4e6
17.e5 d5
18.c4 Be7c5
19.Qe3e1 b6
20.Ba5c3 Bd7c6
21.cxd5 Bc6xd5
22.Qe1e2 Ne6f4
23.Qe2c2 Nf4xd3
24.Qc2xd3 Bd5xf3
25.Qd3xf3 Bc5d4
26.Bc3xd4 Qd8xd4
27.Qf3g3 Ra8e8
28.e6 fxe6
29.Qg3xc7 Qd4xb2
30.Qc7c4 Qb2b5
31.Qc4c3 Re8c8
32.Qc3e3 Rf8e8
33.Rf1b1 Qb5d7
34.Qe3xb6 Rc8a8
35.Rb1d1 Qd7c8
36.Ra1c1 Qc8b8
37.Qb6e3 a5
38.Qe3e4 e5
39.Rc1b1 Qb8c8
40.Rd1d2 Ra8b8
41.Rb1d1 Qc8b7
42.Qe4g4 Qb7b4
43.Qg4g6 Qb4b6
44.Qg6g4 Rb8c8
45.Rd2d7 Qb6f6
46.Kh2 Qf6f4
47.Qg4xf4 exf4
48.f3 Rc8a8
49.Rd7b7 Re8b8
50.Rb7c7 Rb8c8
51.Rc7b7 Rc8b8
52.Rb7d7 Rb8f8
53.Rd1c1 Rf8f7
54.Rd7xf7 Kxf7
55.Rc1c4 g5
56.Rc4c6 Kg7
57.g3 fxg3
58.Kxg3 a4
59.h4 gxh4
60.Kxh4 a3
61.Kh5 Ra8a5
62.Kh4 Ra5f5
63.Kg4 Rf5g5
64.Kh4 Rg5g2
65.Rc6a6 Rg2xa2
66.f4 Ra2a1
67.Kg4 a2
68.f5 Ra1g1
69.Kf4 Rg1f1
70.Ke5 a1Q
71.Ra6xa1 Rf1xa1
72.f6 Kf7
73.Kf5 Ra1g1
{ abandon }0-1

[Event "Coupe Niveau 7"]
[Site "www.echecsemail.com"]
[Date "2026.01.27"]
[Round "1"]
[White "Orosco"]
[Black "Zax"]
[WhiteElo "2220"]
[BlackElo "2270"]
[Result "1-0"]
1.e4 d5
2.exd5 Qd8xd5
3.Nb1c3 Qd5d6
4.d4 Ng8f6
5.Ng1f3 Bc8g4
6.h3 Bg4h5
7.Bf1e2 a6
8.O-O Nb8c6
9.Bc1e3 e6
10.Nf3d2 Bh5xe2
11.Nc3xe2 Bf8e7
12.c4 O-O
13.a3 Rf8d8
14.Qd1c2 b5
15.Rf1c1 Nc6a7
16.Ne2f4 c6
17.Nf4d3 a5
18.a4 b4
19.Rc1e1 Qd6c7
20.Ra1d1 Na7c8
21.Nd2f3 Ra8b8
22.b3 Nc8d6
23.Be3f4 Qc7a7
24.c5 Nd6e4
25.Bf4xb8 Qa7xb8
26.Nd3e5 Qb8c7
27.Re1xe4 { abandon }1-0

[Event "Tournoi n27348"]
[Site "www.echecsemail.com"]
[Date "2026.01.27"]
[Round "1"]
[White "Leredoutable"]
[Black "Intrigue"]
[WhiteElo "1760"]
[BlackElo "1750"]
[Result "1-0"]
1.e4 c5
2.Ng1f3 Nb8c6
3.Bf1c4 e6
4.O-O d6
5.d4 cxd4
6.Nf3xd4 Bf8e7
7.Nb1c3 Ng8f6
8.Rf1e1 O-O
9.Bc1e3 Nc6xd4
10.Be3xd4 Bc8d7
11.Qd1f3 e5
12.Bd4e3 a6
13.Ra1d1 b5
14.Bc4b3 h6
15.a3 Bd7g4
16.Qf3g3 Bg4xd1
17.Re1xd1 Ra8c8
18.Nc3d5 Nf6xe4
19.Qg3f3 Ne4f6
20.c3 Nf6xd5
21.Qf3xd5 Qd8c7
22.Qd5f3 Be7f6
23.g3 a5
24.Qf3d5 Qc7c6
25.Qd5xd6 Qc6xd6
26.Rd1xd6 a4
27.Bb3c2 Rf8d8
28.Rd6b6 Rc8b8
29.Rb6c6 Rd8c8
30.Rc6d6 Rc8d8
31.Rd6c6 Bf6g5
32.Be3xg5 hxg5
33.Kg2 Rd8d2
34.Bc2f5 Rd2xb2
35.Rc6c5 Rb2a2
36.Rc5xe5 Ra2xa3
37.Bf5e4 Ra3xc3
38.Re5xg5 b4
39.h4 a3
40.Rg5a5 Rc3c1
41.Be4d5 Rc1c7
42.Kf3 g6
43.g4 Kg7
44.Kf4 f6
45.Bd5b3 Rc7c3
46.Bb3d5 Rc3d3
47.Ke4 Rd3c3
48.f4 Rc3c2
49.Ra5a7 Kh6
50.f5 gxf5
51.Kxf5 Rc2c5
52.Ke4 Rb8d8
53.Bd5e6 Rc5e5
54.Kf4 Re5xe6
55.Kf5 Re6b6
56.g5 fxg5
57.hxg5 Kh5
58.Ra7h7 Rb6h6
59.Rh7xh6 1-0

[Event "Défi"]
[Site "www.echecsemail.com"]
[Date "2026.01.27"]
[Round "1"]
[White "Turbo"]
[Black "Mc2108"]
[WhiteElo "1320"]
[BlackElo "1270"]
[Result "0-1"]
1.e4 e5
2.Ng1f3 Nb8c6
3.Bf1c4 Bf8e7
4.O-O Ng8f6
5.h3 O-O
6.a3 Nf6xe4
7.Bc4d3 Ne4f6
8.b4 a5
9.b5 Nc6b8
10.c4 c6
11.bxc6 dxc6
12.Bd3e2 Bc8f5
13.Nf3h4 Bf5e6
14.d3 Qd8d4
15.Ra1a2 b5
16.Bc1b2 Qd4xh4
17.Bb2xe5 Nb8d7
18.f4 a4
19.Rf1f3 Ra8a5
20.Qd1d2 Ra5a8
21.Be2f1 Nd7xe5
22.fxe5 Nf6d7
23.Rf3f4 Qh4h6
24.Qd2e3 bxc4
25.dxc4 Be7c5
26.Qe3xc5 Nd7xc5
27.Ra2f2 Qh6g5
28.Rf2f3 Qg5g6
29.Nb1d2 Ra8b8
30.g4 Qg6c2
31.Rf3f2 Qc2a2
32.Bf1g2 Nc5d3
33.Nd2e4 Nd3xf2
34.Rf4xf2 Rb8b1
35.Bg2f1 Be6xc4
36.Rf2xa2 Rb1xf1
37.Kg2 Rf1f4
38.Ne4d6 Bc4xa2
{ abandon }0-1

[Event "Défi"]
[Site "www.echecsemail.com"]
[Date "2026.01.27"]
[Round "1"]
[White "Whisky"]
[Black "Turbo"]
[WhiteElo "1330"]
[BlackElo "1340"]
[Result "0-1"]
1.Ng1f3 d5
2.g3 h6
3.Bf1g2 a6
4.O-O c5
5.d4 cxd4
6.Qd1xd4 Ng8f6
7.Nf3e5 e6
8.Nb1c3 b6
9.Qd4a4 Nb8d7
10.Nc3b5 Bc8b7
11.Ne5xd7 axb5
12.Qa4xb5 Nf6xd7
13.a4 Bf8c5
14.b4 Bc5d4
15.Ra1b1 Bb7a6
16.Qb5c6 O-O
17.b5 Ra8c8
18.Qc6d6 Bd4e5
19.Qd6b4 Rc8c4
20.Qb4d2 Ba6b7
21.e4 d4
22.Bc1a3 Qd8c8
23.Ba3xf8 Qc8xf8
24.Rb1a1 Nd7f6
25.Qd2d3 Rc4c3
26.Qd3e2 Qf8c8
27.f4 Rc3xc2
28.Qe2d3 Rc2c3
29.Qd3d2 Rc3c2
30.Qd2b4 Rc2c4
31.Qb4b1 Be5b8
32.Rf1c1 d3
33.Rc1xc4 Qc8xc4
34.e5 Bb7xg2
35.Kxg2 Nf6g4
36.Qb1g1 Qc4e4
37.Kh3 h5
38.a5 bxa5
39.Ra1xa5 Kh7
40.Ra5a1 Qe4e2
41.Ra1e1 Ng4f2
{ abandon }0-1

[Event "Défi"]
[Site "www.echecsemail.com"]
[Date "2026.01.27"]
[Round "1"]
[White "Verson"]
[Black "Chomi64"]
[WhiteElo "1800"]
[BlackElo "1840"]
[Result "1/2-1/2"]
1.d4 e5
2.e3 e4
3.c4 d5
4.Nb1c3 c6
5.cxd5 cxd5
6.Bf1b5 Bc8d7
7.Qd1a4 Ng8f6
8.Ng1e2 a6
9.Bb5xd7 Qd8xd7
10.Qa4b3 Nb8c6
11.O-O Bf8d6
12.Ne2g3 Bd6e7
13.a3 O-O
14.f3 Be7d6
15.Nc3xd5 Nf6xd5
16.Qb3xd5 exf3
17.Qd5xf3 Qd7c7
18.Bc1d2 Bd6xg3
19.Qf3xg3 Qc7xg3
20.hxg3 Rf8e8
21.Ra1c1 Ra8d8
22.Rf1e1 Re8e6
23.Bd2c3 Nc6e7
24.e4 Kf8
25.d5 Re6g6
26.Kf2 f5
27.Bc3b4 fxe4
28.d6 Ne7c6
29.Re1xe4 Nc6xb4
30.axb4 Rg6xd6
31.Rc1c7 Rd6d7
32.Rc7xd7 Rd8xd7
33.Re4c4 Ke7
34.Ke3 Ke6
35.Rc4e4 Kd6
36.Re4d4 Kc6
37.Rd4xd7 Kxd7
38.Ke4 Kc6
39.Kd4 b6
40.Kc4 g6
41.g4 g5
42.b3 h6
43.Kd4 Kb5
44.Kc3 a5
45.bxa5 bxa5
46.Kc2 Kb4
47.Kb2 Kc5
48.Kc3 Kd5
49.Kd3 Kc5
50.Kc3 Kb5
51.g3 Kc5
52.Kd3 Kb4
53.Kc2 Kc5
54.Kc3 Kd5
55.Kd3 Kc5
56.Kc3 Kd5
57.Kd3 Kc5
58.Kc3 Kd5
59.Kd3 1/2-1/2

[Event "Tournoi n27395"]
[Site "www.echecsemail.com"]
[Date "2026.01.27"]
[Round "1"]
[White "Majula"]
[Black "Mokanne"]
[WhiteElo "1620"]
[BlackElo "1420"]
[Result "0-1"]
1.d4 b6
2.e4 Bc8b7
3.Nb1c3 e6
4.Bf1c4 Bf8b4
5.Bc1d2 Ng8f6
6.a3 Bb4xc3
7.bxc3 Nf6xe4
8.f3 Ne4xd2
9.Qd1xd2 h6
10.Ng1e2 a6
11.O-O d5
12.Bc4b3 Nb8c6
13.g3 Nc6a5
14.Ne2f4 Bb7c6
15.h4 Qd8d7
16.a4 Na5b7
17.Rf1e1 O-O
18.h5 Nb7d6
19.Qd2d3 Nd6f5
20.Kg2 Qd7e7
21.Nf4h3 Bc6d7
22.c4 Qe7d6
23.f4 Bd7c6
24.c3 dxc4
25.Qd3f3 Bc6xf3
26.Kxf3 cxb3
{ abandon }0-1

[Event "CARPE DIEM"]
[Site "www.echecsemail.com"]
[Date "2026.01.27"]
[Round "1"]
[White "Mindthegap"]
[Black "Malaouat"]
[WhiteElo "1420"]
[BlackElo "1410"]
[Result "1-0"]
1.e4 c5
2.Ng1f3 d6
3.d4 cxd4
4.Nf3xd4 Ng8f6
5.Nb1c3 a6
6.Bc1g5 h6
7.Bg5xf6 exf6
8.Bf1e2 b5
9.O-O Bf8e7
10.Be2f3 O-O
11.e5 fxe5
12.Nd4c6 Qd8c7
13.Nc6xe7 Qc7xe7
14.Bf3xa8 Bc8b7
15.Ba8xb7 Qe7xb7
16.Qd1xd6 Rf8e8
17.Ra1e1 { abandon }1-0

[Event "HAWAII  2"]
[Site "www.echecsemail.com"]
[Date "2026.01.27"]
[Round "1"]
[White "Petitlulu64"]
[Black "Brettsinclair"]
[WhiteElo "1730"]
[BlackElo "1890"]
[Result "1-0"]
1.d4 g6
2.Ng1f3 Bf8g7
3.c3 Ng8f6
4.Nb1d2 d6
5.e4 O-O
6.Nd2b3 a6
7.Bc1g5 Nb8d7
8.e5 Nf6e4
9.Bg5e3 dxe5
10.Bf1d3 Ne4d6
11.dxe5 Nd7xe5
12.Be3d4 Bc8g4
13.Bd3e2 Ne5xf3
14.Be2xf3 Bg4xf3
15.Qd1xf3 c6
16.Bd4xg7 Kxg7
17.O-O Qd8b6
18.Rf1e1 Ra8e8
19.Qf3f4 Nd6f5
20.Ra1d1 a5
21.Qf4e5 f6
22.Qe5e4 Nf5d6
23.Qe4c2 c5
24.Re1e6 Qb6c7
25.Rd1e1 Rf8f7
26.Qc2e2 b6
27.Nb3d2 Kf8
28.Qe2e3 Nd6f5
29.Qe3e4 Re8d8
30.Nd2c4 b5
31.Nc4e3 Nf5d6
32.Ne3d5 Nd6xe4
33.Nd5xc7 Ne4g5
34.Re6b6 b4
35.cxb4 cxb4
36.h4 Rd8d2
37.hxg5 fxg5
38.Nc7e6 Ke8
39.Re1f1 Rd2xb2
40.Rf1c1 Rf7xf2
41.Ne6g7 Kf7
42.Ng7e6 Rf2xg2
43.Kh1 h5
44.Rc1f1 Rg2f2
45.Rf1xf2 Rb2xf2
46.Ne6xg5 Kg7
47.Ng5e6 Kh6
48.Ne6c5 Rf2xa2
49.Nc5d3 Ra2d2
50.Nd3f4 Rd2d6
51.Rb6b5 Rd6a6
52.Nf4d5 e6
53.Nd5c7 Ra6c6
54.Nc7e8 Rc6c8
55.Ne8d6 Rc8a8
56.Kh2 Kg7
57.Kh3 Kf6
58.Nd6e4 Ke7
59.Rb5b7 Kf8
60.Kh4 Ra8d8
61.Kg5 Rd8d4
62.Ne4f6 h4
63.Kxg6 h3
64.Rb7h7 Rd4d3
65.Rh7f7 1-0

[Event "Tournoi n27382"]
[Site "www.echecsemail.com"]
[Date "2026.01.27"]
[Round "1"]
[White "Nbelnico"]
[Black "Air-3-bud"]
[WhiteElo "1710"]
[BlackElo "1850"]
[Result "0-1"]
1.e4 e6
2.e5 Bf8c5
3.Ng1f3 Nb8c6
4.d4 Bc5b6
5.Bf1c4 Nc6a5
6.Bc4b3 Ng8e7
7.a3 Na5xb3
8.cxb3 O-O
9.O-O c5
10.dxc5 Bb6xc5
11.Qd1d3 Ne7g6
12.b4 Bc5b6
13.Nf3g5 Bb6c7
14.h4 f6
15.exf6 Qd8xf6
16.Ng5f3 Ng6xh4
17.Bc1g5 Nh4xf3
18.Qd3xf3 Qf6xg5
19.Qf3h3 Rf8f6
20.Nb1c3 Qg5e5
21.Ra1e1 Qe5f5
22.Qh3h4 Rf6h6
23.Qh4c4 Qf5h5
24.f3 Bc7b6
{ abandon }0-1

[Event "CHATURANGA"]
[Site "www.echecsemail.com"]
[Date "2026.01.27"]
[Round "1"]
[White "Woluwe1975"]
[Black "Titit1"]
[WhiteElo "1640"]
[BlackElo "1480"]
[Result "1-0"]
1.e4 e5
2.Ng1f3 Ng8f6
3.Bf1c4 Qd8e7
4.d3 Qe7c5
5.O-O h6
6.Bc1e3 Qc5d6
7.Nb1c3 Bf8e7
8.Nc3b5 Qd6b4
9.Nb5xc7 Kd8
10.Nc7xa8 b6
11.Bc4xf7 Bc8b7
12.Be3xb6 axb6
13.Na8xb6 Qb4xb6
14.Nf3xe5 Qb6xb2
15.Ne5g6 Rh8h7
16.Ra1b1 Qb2d4
17.Rb1xb7 Kc8
18.Qd1b1 Be7d6
19.Ng6e7 Bd6xe7
20.Rb7xb8 Kc7
21.Qb1b7 Kd6
22.Rf1b1 Ke5
23.Rb1b5 Kf4
24.Rb5f5 Kg4
25.h3 Kh4
26.Rf5f4 Kg5
27.Rf4f5 Kh4
28.Kh2 Be7d6
29.g3 Bd6xg3
30.fxg3 1-0

[Event "Tournoi n27414"]
[Site "www.echecsemail.com"]
[Date "2026.01.27"]
[Round "1"]
[White "Turbo"]
[Black "Katastrofic"]
[WhiteElo "1340"]
[BlackElo "1370"]
[Result "0-1"]
1.d4 d5
2.Ng1f3 e6
3.h3 Bf8e7
4.a3 Ng8f6
5.e3 O-O
6.Bf1d3 b6
7.O-O Bc8a6
8.b4 Ba6xd3
9.Qd1xd3 h6
10.c3 Nb8c6
11.a4 a6
12.Nb1d2 a5
13.b5 Nc6a7
14.Qd3e2 c6
15.Nf3e5 Qd8c7
16.Nd2f3 Be7d6
17.g4 Bd6xe5
18.dxe5 c5
19.g5 hxg5
20.Nf3xg5 Qc7xe5
21.f4 Qe5d6
22.Qe2f2 Nf6h7
23.Ng5xh7 Kxh7
24.Qf2g3 Rf8h8
25.Kh2 Kg8
26.Rf1g1 Rh8h7
27.Bc1b2 c4
28.Ra1d1 Ra8f8
29.Rd1a1 Na7c8
30.Ra1f1 f5
31.Rf1a1 Rf8f6
32.Bb2a3 Qd6d7
33.Rg1g2 Rf6h6
34.Ra1g1 Kh8
35.Qg3xg7 Rh7xg7
36.Ba3f8 Rg7xg2
37.Rg1xg2 Nc8d6
38.Bf8xh6 Nd6e4
39.Rg2g7 Qd7xg7
40.Bh6xg7 Kxg7
41.h4 Ne4xc3
42.Kg2 Nc3xa4
43.Kf2 Na4c3
44.Ke1 Nc3xb5
{ abandon }0-1